| 000 | 01136nam a22002657a 4500 | ||
|---|---|---|---|
| 005 | 20170124103204.0 | ||
| 010 | _a693032 | ||
| 020 | _c00.00 | ||
| 035 | _a693032 | ||
| 037 | _bCen Lib/Ret | ||
| 040 |
_aDPL _bHN |
||
| 082 |
_a415 _bहिट्ने |
||
| 100 |
_aहिट्ने, डब्ल्यू डी _956436 |
||
| 245 |
_aसंस्कृत व्याकरण / _cडब्ल्यू डी हिट्ने ; अनुवादक मुनीश्वर झा |
||
| 246 |
_aSanskrit vyakaran / _bby W.D. Hitne ; anuvadak Muneeshwar Jha |
||
| 260 |
_aलखनऊ _bउत्तर प्रदेश हिंदी ग्रन्थ अकादमी |
||
| 270 | _bलखनऊ | ||
| 300 |
_a240पृ. _c20सेमी(सजिल्द ) |
||
| 650 |
_aसंस्कृत-- भाषा _x _z _9106738 |
||
| 650 |
_aसंस्कृत -- व्याकरण _9106739 |
||
| 650 |
_a Snskrit-- language _993140 |
||
| 650 |
_aSanskrit - grammar _9106740 |
||
| 700 |
_aझा, मुनीश्वर _9106741 |
||
| 942 |
_2ddc _cHN _h480 _mहिट्ने |
||
| 999 |
_c120878 _d120878 |
||